000 01444nam a22003617a 4500
003 CHAP
005 20220817044428.0
008 110318s2010 mx r 00010 spa d
010 _a100694
011 _a101666
035 _a112354
040 _cCHAP
090 _aTesis
100 1 _aTorres Sales, Aldo
_9114236
245 1 0 _aEstimación del potencial forrajero del matorral xerófilo por fotografía digital y reflectancia
_h[En línea]
_c/por Aldo Torres Sales
260 _aChapingo, Méx. :
_bEl autor,
_c2010
500 _aPara ver el contenido del material haga clic en la liga
502 _aTesis (M.C. en Innovación Ganadera) -- UACH. Departamento de Enseñanza, Investigación y Servicio en Zootecnia
590 _aALEPH
_b10
_c20130110
_lUCH01
_h1540
590 _aBATCH-UPD
_b10
_c20130110
_lUCH01
_h1020
590 _aBATCH-UPD
_b10
_c20130410
_lUCH01
_h0626
590 _aBATCH-UPD
_b10
_c20130914
_lUCH01
_h1432
590 _aBATCH-UPD
_b10
_c20140324
_lUCH01
_h1524
590 _aBATCH-UPD
_b10
_c20141002
_lUCH01
_h0848
590 _aCONVERSION
_b10
_c20130109
_lUCH01
_h1355
650 1 4 _aForrajes
_xMedición optica.
_942581
650 1 4 _aMatorrales.
856 _3Finding aid
_uhttp://10.13.5.2/tesis/112354.pdf
_zTeclea aqui
901 _aBK
942 _cFOLL
949 _aTesis
_bBC
_cTES
_d33724002235545
_eTS1
_gDonaciØn
_h52098
_i112354
_st
949 _aTesis
_bBC
_cTES
_d33724002235587
_eTS2
_fc.2
_gDonaciØn
_h52099
_i112354
_st
999 _c100694
_d100694